Paradoxy súvislostí: alebo kedy sa polepšíme hotely a iné ubytovacie zariadenia túžia po turistoch i prostriedkoch na rozšírenie doplnkových služieb
Situácia v oblasti poskytovania hotelových služieb na Slovensku. Nedostatok finančných prostriedkov na obnovu a rekonštrukcie hotelových a ubytovacích zariadení. Príčiny nedostatočného fungovania hotelových a ubytovacích služieb. Informácie o ubytovacích zariadeniach. Kvalita poskytovaných služieb....
Salvato in:
| Autore principale: | |
|---|---|
| Natura: | Capitolo di libro |
| Lingua: | slovacco |
| Soggetti: | |
| Tags: |
Nessun Tag, puoi essere il primo ad aggiungerne!!
|
MARC
| LEADER | 00000naa a2200000 4500 | ||
|---|---|---|---|
| 001 | r017230 | ||
| 005 | 20221205102655.3 | ||
| 041 | 0 | |a slo | |
| 044 | |a SK | ||
| 245 | 1 | 0 | |a Paradoxy súvislostí: alebo kedy sa polepšíme |b hotely a iné ubytovacie zariadenia túžia po turistoch i prostriedkoch na rozšírenie doplnkových služieb |c Dagmar Krištofičová |
| 520 | |a Situácia v oblasti poskytovania hotelových služieb na Slovensku. Nedostatok finančných prostriedkov na obnovu a rekonštrukcie hotelových a ubytovacích zariadení. Príčiny nedostatočného fungovania hotelových a ubytovacích služieb. Informácie o ubytovacích zariadeniach. Kvalita poskytovaných služieb. Kategorizácia ubytovacích zariadení. Siete hotelov. Zľavy za služby v sieti hotelov - karta ETN. Organizácia European Travel Network (ETN) sprostredkúva zľavy za služby svojim členom v sieti hotelov a reštaurácií. | ||
| 610 | 2 | 0 | |a hotely |
| 610 | 2 | 0 | |a hotelierstvo |
| 610 | 2 | 0 | |a Slovensko |
| 610 | 2 | 0 | |a zariadenia ubytovacie |
| 610 | 2 | 0 | |a služby |
| 610 | 2 | 0 | |a ruch cestovný |
| 610 | 2 | 0 | |a karty platobné |
| 610 | 2 | 0 | |a ETN |
| 610 | 2 | 0 | |a služby doplnkové |
| 100 | 1 | |a Krištofičová, Dagmar | |